| 000 | 00829nam0a22002651 4500 | ||
|---|---|---|---|
| 001 | rc\4603017 | ||
| 005 | 20250612130848.0 | ||
| 021 |
_aRU _b[62-76345] |
||
| 035 | _a(NLR Aleph) 008667413 | ||
| 090 |
_a9099121 _c9099121 |
||
| 100 | _a20130416d1962 |||y0rusy50 ca | ||
| 101 | 0 | _arus | |
| 102 | _aRU | ||
| 105 | _aa z ||||| | ||
| 200 | 1 | _aБескрылые ракеты | |
| 210 |
_aМосква _cВоениздат _d1962 |
||
| 215 |
_a80 с. _cил. _d20 |
||
| 225 | 1 |
_aЗа военно-технические знания _iРакетная техника |
|
| 606 |
_aСнаряды баллистические _2psbo |
||
| 700 | 1 |
_aМорозов _bК.В. _gКонстантин Васильевич |
|
| 801 | 0 |
_aRU _bNLR _gpsbo |
|
| 801 | 1 |
_aRU _bELAR _2rusmarc |
|
| 852 |
_aNLR _j62-4/16551 |
||
| 942 | _cBOOK | ||
| 980 | _aNB | ||